00289nam a2200133Ia 45000030006000000080041000060400015000471000021000622450015000832600024000983000006001225460010001280050017001380STCL150530s9999 xx 000 0 und d aSTCLcSTCL aRampher Thripati aKavithrayi bRama; Lucknowc1965 a0 aHindi20220125171304.0